Southville International School and Colleges
Your cart is empty.
  • Cart
  • Lists
    Public lists Eva Luna New books Lux_list list_1
    Your lists Log in to create your own lists
  • Log in to your account
  • Your cookies
  • Search history
Southville International School and Colleges
  • Advanced search
  • Recent comments
  • Most popular
  • Libraries

Log in to your account

Log in with GOOGLE


If you do not have an external account, but do have a local account, you can still log in:

  1. Home
  2. MARC view: Principles of managerial finance /
Normal view MARC view ISBD view

Principles of managerial finance / (Record no. 117557)

[ view plain ]
MARC details
000 -LEADER
fixed length control field 00537nam a2200181Ia 4500
008 - FIXED-LENGTH DATA ELEMENTS--GENERAL INFORMATION
fixed length control field 140529s9999 xx 000 0 und d
020 ## - INTERNATIONAL STANDARD BOOK NUMBER
International Standard Book Number 9789810696382
050 ## - LIBRARY OF CONGRESS CALL NUMBER
Classification number HG 4011
Item number .G5 2009
100 ## - MAIN ENTRY--PERSONAL NAME
Personal name Gitman, Lawrence J.
245 ## - TITLE STATEMENT
Title Principles of managerial finance /
Statement of responsibility, etc Lawrence J. Gitman, Chad J. Zutter
250 ## - EDITION STATEMENT
Edition statement 13th ed.
260 ## - PUBLICATION, DISTRIBUTION, ETC. (IMPRINT)
Place of publication, distribution, etc Boston :
Name of publisher, distributor, etc Pearson Prentice Hall,
Date of publication, distribution, etc c2012.
300 ## - PHYSICAL DESCRIPTION
Extent 796 p. ;
Dimensions 26 cm.
500 ## - GENERAL NOTE
General note Includes appendices, glossary and index.
521 ## - TARGET AUDIENCE NOTE
Target audience note
942 ## - ADDED ENTRY ELEMENTS (KOHA)
Call number prefix Foreign
Koha item type Books
Holdings
Withdrawn status Lost status Damaged status Home library Current library Shelving location Date acquired Total Checkouts Total Renewals Full call number Barcode Date last seen Date checked out Price effective from Koha item type
      College Library College Library General Circulation Section 05/30/2014 5 49 HG 4011 .G5 2009 C18165 10/24/2022 10/18/2022 05/30/2014 Books

Principles of managerial finance /

APA

Gitman L. J., . (2012). Principles of managerial finance. Boston: Pearson Prentice Hall.

Chicago

Gitman Lawrence J, . 2012. Principles of managerial finance. Boston: Pearson Prentice Hall.

Harvard

Gitman L. J., . (2012). Principles of managerial finance. Boston: Pearson Prentice Hall.

MLA

Gitman Lawrence J, . Principles of managerial finance. Boston: Pearson Prentice Hall. 2012.

  • Place hold
  • Print
  • Cite
  • Add to your cart (remove)
  • Save record
    BIBTEX Dublin Core MARCXML MARC (non-Unicode/MARC-8) MARC (Unicode/UTF-8) MARC (Unicode/UTF-8, Standard) MODS (XML) RIS
  • More searches
    Search for this title in:
    Other Libraries (WorldCat) Other Databases (Google Scholar) Online Stores (Bookfinder.com) Open Library (openlibrary.org)

Exporting to Dublin Core...

SOUTHVILLE LIBRARY

Southville International School and Colleges Library

1281 Tropical Ave. Cor. Luxembourg St., BF Homes International, Las Pinas City

Tel. No. 8256374 / 252358 Loc. 117/146

Powered by Koha